000
00308nam a22001457a 4500
008
231121b ||||| |||| 00| 0 eng d
020
_a
0805237356
041
_a
eng
080
_a
618
082
_a
618OAK
100
_a
12
101
_a
GJINE
245
_a
BECOMING A MOTHER
_c
OAKLEY .A
942
_2
udc
_c
BK
999
_c
60496
_d
60496